00328nam a22000977a 4500008004100000082001500041100004300056245006500099260005800164300000800222230621b xxu||||| |||| 00| 0 eng d a328.4bCPA cCommonwealth Parliamentary Association aSummary of proceedings at the Fortieth Parliamentary seminar aEnglandbCommonwealth Parliamentary Associationc1991 a20p